Entry Nombre personal
001 - NÚMERO DE CONTROL
- campo de control: 44396
003 - IDENTIFICADOR DE NÚMERO DE CONTROL
- campo de control: SpMaBN
005 - FECHA Y HORA DE LA ÚLTIMA TRANSACCIÓN
- campo de control: 20230710181004.0
008 - ELEMENTOS DE DATO DE LONGITUD-FIJA
- campo de control de longitud fija: 901120nn azznnaabn |a aaa
016 ## - NÚMERO DE CONTROL DE UNA AGENCIA BIBLIOGRÁFICA NACIONAL
- Número de control del registro: BNE19900044299
024 7# - IDENTIFICADOR DE OTROS ESTÁNDARES
- Número estándar o código: http://viaf.org/viaf/66477024/
- Fuente: viaf
024 7# - IDENTIFICADOR DE OTROS ESTÁNDARES
- Número estándar o código: https://isni.org/isni/0000000115730303
- Fuente: isni
024 7# - IDENTIFICADOR DE OTROS ESTÁNDARES
- Número estándar o código: http://www.wikidata.org/entity/Q3753591
- Fuente: wikidata
040 ## - FUENTE DE CATALOGACIÓN
- Centro catalogador/agencia de origen: SpMaBN
- Lengua de catalogación: spa
- Centro/agencia transcriptor: SpMaBN
- Normas de descripción: rdc
- Convención/Normas de encabezamiento de materia/tesauro: embne
046 ## - FECHAS CON CODIFICACIÓN ESPECIAL
- Fecha de nacimiento: 1918
- Fecha de la muerte: 2012
100 1# - ENCABEZAMIENTO-NOMBRE DE PERSONA
- Nombre de persona: Díaz-Plaja, Fernando,
- Fechas asociadas al nombre: 1918-2012
370 ## - LUGAR ASOCIADO
- Lugar de nacimiento: Barcelona, España
- Fuente de información: (Wikidata)
- Número de control del registro de autoridad o número normalizado: XX450579
372 ## - CAMPO DE ACTIVIDAD
- Campo de actividad: Novela
- Fuente de información: Wikidata
374 ## - OCUPACIÓN
- Ocupación: Historiadores
- Ocupación: Escritores
- Fuente de información: Wikidata
375 ## - GÉNERO/SEXO
- Género: Masculino
377 ## - IDIOMA ASOCIADO
- Término de lengua/lenguaje: Español
- Término de lengua/lenguaje: Catalán
400 1# - TRAZADO DE VÉASE--NOMBRE DE PERSONA
- Nombre de persona: Díaz Plaja, Fernando,
- Fechas asociadas al nombre: 1918-2012
400 1# - TRAZADO DE VÉASE--NOMBRE DE PERSONA
- Nombre de persona: Díaz-Plaja Contestí, Fernando,
- Fechas asociadas al nombre: 1918-2012
670 ## - FUENTE DE DATOS ENCONTRADOS
- Cita de la fuente: Teresa Cabarrús, [1943]
- Información encontrada: port. (Fernando Díaz-Plaja)
670 ## - FUENTE DE DATOS ENCONTRADOS
- Cita de la fuente: El viaje de mi vida, 1999
- Información encontrada: port. (Fernando Díaz-Plaja) solapa (n. 1918, Barcelona; doctor en historia, ha sido profesor en diversas universidades extranjeras) p. 364 (autor de ensayos literarios e históricos y de libros de viajes, biográfo y traductor)
670 ## - FUENTE DE DATOS ENCONTRADOS
- Cita de la fuente: WWW Wikipedia, 01-04-2014
- Información encontrada: (Fernando Díaz-Plaja Contestí (Barcelona, España, 24 de abril de 1918 - Montevideo, Uruguay, 31 de octubre de 2012) fue un historiador, escritor y periodista español)
- Identificador Uniforme de Recursos: http://es.wikipedia.org/wiki/Fernando_Díaz-Plaja
670 ## - FUENTE DE DATOS ENCONTRADOS
- Cita de la fuente: WWW IMDB, 28-05-2014
- Información encontrada: (Fernando Díaz Plaja; n. 24 de abril de 1918, Barcelona, Cataluña, España, m. 31 de octubre de 2012 (94 años), Montevideo, Uruguay; actor y guionista)
- Identificador Uniforme de Recursos: http://www.imdb.com/name/nm0246487/
